Vào cuộc chiến ra cửa thiền : Truyện
Enregistré dans:
| Auteur principal: | |
|---|---|
| Format: | Livre |
| Langue: | Undetermined |
| Publié: |
Thành phố Hồ Chí Minh
Văn nghệ
2001
|
| Sujets: | |
| Tags: |
Ajouter un tag
Pas de tags, Soyez le premier à ajouter un tag!
|
| Thư viện lưu trữ: | Trung tâm Học liệu Trường Đại học Cần Thơ |
|---|
| LEADER | 00574nam a2200193Ia 4500 | ||
|---|---|---|---|
| 001 | CTU_96834 | ||
| 008 | 210402s9999 xx 000 0 und d | ||
| 082 | |a 895.922301 | ||
| 082 | |b Ch125 | ||
| 100 | |a Lý, Hải Châu | ||
| 245 | 0 | |a Vào cuộc chiến ra cửa thiền : | |
| 245 | 0 | |b Truyện | |
| 245 | 0 | |c Lý Hải Châu, Liên An | |
| 260 | |a Thành phố Hồ Chí Minh | ||
| 260 | |b Văn nghệ | ||
| 260 | |c 2001 | ||
| 650 | |a Short stories, vietnamese | ||
| 904 | |i Tuyến | ||
| 980 | |a Trung tâm Học liệu Trường Đại học Cần Thơ | ||